[Event "NCA-ch sf (Women)"]
[Site "Managua"]
[Date "2020.02.29"]
[Round "1"]
[White "Arevalo, Maria Javiera"]
[Black "Medrano Barrera, Jenny Ariadna"]
[Result "1-0"]
[WhiteElo "1527"]
[BlackElo "1152"]
[PlyCount "101"]
[EventDate "2020.02.29"]
[EventType "swiss"]
[EventRounds "9"]
[EventCountry "NCA"]
[SourceTitle "CBM 195 Extra"]
[Source "ChessBase"]
[SourceDate "2020.05.31"]
[SourceVersion "1"]
[SourceVersionDate "2020.05.31"]
[SourceQuality "1"]

1. d4 d5 2. c4 c6 3. Nc3 Nf6 4. Nf3 Bf5 5. Bf4 e6 6. e3 Nbd7 7. Qb3 Qb6 8. c5 Qxb3 9. axb3 Be7 10. h3 0-0 11. Be2 a5 12. Bc7 Ne4 13. Nxe4 Bxe4 14. 0-0 Bd8 15. Bd6 Re8 16. Nd2 Bg6 17. b4 b6 18. bxa5 bxc5 19. dxc5 Bxa5 20. Nb3 Bb4 21. Rfc1 e5 22. Ba6 Ra7 23. Ra4 Nb8 24. Rca1 Nxa6 25. Rxa6 Rxa6 26. Rxa6 Rc8 27. Rb6 Bxc5 28. Bxc5 Bc2 29. Kf1 h6 30. Ke2 Bxb3 31. Rxb3 e4 32. Kd2 f6 33. Rb7 Ra8 34. Rb6 Rc8 35. Bd6 Kf7 36. Rb7+ Kg6 37. Rc7 Rxc7 38. Bxc7 Kf7 39. b3 Ke6 40. Kc3 Kd7 41. Ba5 c5 42. b4 cxb4+ 43. Bxb4 g6 44. Kd4 Ke6 45. Bf8 h5 46. Bb4 f5 47. h4 f4 48. exf4 Kf5 49. Bd6 Ke6 50. Be5 Kf5 51. Kxd5 1-0

[Event "NCA-ch (Women)"]
[Site "Managua"]
[Date "2019.04.14"]
[Round "9"]
[White "Martinez Orozco, Cristiana Yorlene"]
[Black "Arevalo, Maria Javiera"]
[Result "1/2-1/2"]
[WhiteElo "1278"]
[BlackElo "1538"]
[PlyCount "61"]
[EventDate "2019.03.30"]
[EventType "tourn"]
[EventRounds "9"]
[EventCountry "NCA"]
[SourceTitle "CBM 190 Extra"]
[Source "ChessBase"]
[SourceDate "2019.07.15"]
[SourceVersion "1"]
[SourceVersionDate "2019.07.15"]
[SourceQuality "1"]

1. Nf3 e6 2. d4 d5 3. Bf4 Nf6 4. e3 Be7 5. c4 b6 6. cxd5 exd5 7. Bd3 0-0 8. 0-0 Bd6 9. h3 Bxf4 10. exf4 Re8 11. Re1 Nbd7 12. Rxe8+ Qxe8 13. Nc3 Bb7 14. Qe1 Kf8 15. Rc1 Qxe1+ 16. Rxe1 Re8 17. Rxe8+ Kxe8 18. a3 c6 19. a4 h6 20. g3 Ke7 21. h4 a5 22. Kf1 Nb8 23. b3 Ba6 24. Bxa6 Nxa6 25. Kg2 Nd7 26. Kf1 Ke6 27. Ke2 Nb4 28. Kd2 f6 29. g4 g6 30. g5 hxg5 31. hxg5 1/2-1/2